Direito disciplinar : (Record no. 404)

MARC details
000 -LÍDER
Campo Fixo de Controle 00760nam a2200253 a 4500
001 - NÚMERO DE CONTROLE
Campo de Controle 404
003 - IDENTIFICAÇÃO DO NÚMERO DE CONTROLE
Campo de Controle BR-CuiBMT
005 - DATA E HORA DA ÚLTIMA ATUALIZAÇÃO
Campo de Controle 20231123211538.0
008 - DADOS FIXOS
Dados Fixos 231101s2008 mgb 001 0 por d
020 ## - INTERNATIONAL STANDARD BOOK NUMBER
Nº do ISBN 9788577001194
040 ## - AGÊNCIA CATALOGADORA
Código da Agência Catalogadora BR-CuiBMT
Agência que transcreveu o registro BR-CuiBMT
080 ## - Nº DA CLASSIFICAÇÃO DECIMAL UNIVERSAL
Nº Class. CDU 35.077
Nº edição CDU 2007
090 ## - NÚMERO DE CHAMADA
Nº classificação 35.077
Cutter C837d
100 1# - ENTRADA PRINCIPAL -- AUTOR PESSOAL
Nome pessoal Costa, José Armando da,
Datas associadas ao nome 1940-
245 0# - TÍTULO PRINCIPAL
Título principal Direito disciplinar :
Subtítulo temas substantivos e processuais /
Indicação de responsabilidade José Armando da Costa.
260 ## - PUBLICAÇÃO, DISTRIBUIÇÃO, ETC.
Local de publicação Belo Horizonte :
Editora Fórum,
Data 2008.
300 ## - DESCRIÇÃO FÍSICA
N. páginas ou volumes 640 p. :
Dimensões 24 cm
504 ## - NOTA DE BIBLIOGRAFIA, ETC.
Nota de bibliografia Inclui bibliografia.
650 ## - ASSUNTO TÓPICO
Cabeçalho tópico ou nome geográfico Direito administrativo
650 ## - ASSUNTO TÓPICO
Cabeçalho tópico ou nome geográfico Direito disciplinar
Subdivisão geral Processos
650 ## - ASSUNTO TÓPICO
Cabeçalho tópico ou nome geográfico Pena disciplinar
650 ## - ASSUNTO TÓPICO
Cabeçalho tópico ou nome geográfico Administração pública
Subdivisão geral Principios
942 ## - ELEMENTOS DE ENTRADA ADICIONAIS (KOHA)
Fonte de classificação ou esquema de arquivamento Classificação Decimal Universal
Tipo de item do Koha Livros
Holdings
Estado: removido Estado: perdido Fonte de classificação ou esquema de arquivamento Estado: danificado Indisponível para empréstimo Localização permanente Localização atual Data de aquisição Total Checkouts Número de Chamada completo Código de barras Date last seen Número do exemplar Preço efetivo a partir de Tipo de item (Koha)
    Classificação Decimal Universal     Biblioteca da Escola Superior de Contas do TCE/MT Biblioteca da Escola Superior de Contas do TCE/MT 02/04/2013   35.077 C837d BIBTCEMT23110125 04/11/2023 Ex. 1 04/11/2023 Livros
    Classificação Decimal Universal     Biblioteca da Escola Superior de Contas do TCE/MT Biblioteca da Escola Superior de Contas do TCE/MT 02/04/2013   35.077 C837d BIBTCEMT23110180 06/11/2023 Ex. 2 06/11/2023 Livros
    Classificação Decimal Universal     Biblioteca da Escola Superior de Contas do TCE/MT Biblioteca da Escola Superior de Contas do TCE/MT 15/10/2018   35.077 C837d BIBTCEMT23111004 23/11/2023 Ex. 3 23/11/2023 Livros

Powered by Koha